[Event "RSA-ch U12 Girls"]
[Site "Gauteng"]
[Date "2017.04.06"]
[Round "3"]
[White "Becker, Robyn"]
[Black "Ahjum, Savannah"]
[Result "0-1"]
[WhiteElo "979"]
[BlackElo "1197"]
[PlyCount "76"]
[EventDate "2017.04.05"]
[EventType "swiss"]
[EventRounds "11"]
[EventCountry "RSA"]
[SourceTitle "CBM 177 Extra"]
[Source "ChessBase"]
[SourceDate "2017.04.27"]
[SourceVersion "1"]
[SourceVersionDate "2017.04.27"]
[SourceQuality "1"]

1. e4 e5 2. Nf3 Nc6 3. Bb5 a6 4. Bxc6 dxc6 5. Nxe5 Qd4 6. Nf3 Qxe4+ 7. Qe2 Qxe2+ 8. Kxe2 Nf6 9. Re1 Be6 10. Kf1 0-0-0 11. Ng5 Re8 12. Nxe6 Rxe6 13. Rxe6 fxe6 14. Nc3 Bc5 15. h3 Rf8 16. d3 Nd5 17. Ne4 Ne3+ 18. Bxe3 Bxe3 19. f3 Bd4 20. Rb1 Kd7 21. b3 Rf5 22. Re1 Re5 23. c3 Bb6 24. d4 Rf5 25. Ng3 Rg5 26. Ne4 Rd5 27. f4 h6 28. Rd1 c5 29. c4 Rxd4 30. Rxd4+ cxd4 31. b4 Ba7 32. Nc5+ Bxc5 33. bxc5 Kc6 34. Ke2 Kxc5 35. Kd3 b5 36. cxb5 axb5 37. g4 Kd5 38. a3 c5 0-1

[Event "RSA-ch U12 Girls"]
[Site "Gauteng"]
[Date "2017.04.06"]
[Round "2"]
[White "Becker, Robyn"]
[Black "Pelser, Jean Marie"]
[Result "1-0"]
[WhiteElo "979"]
[BlackElo "811"]
[PlyCount "67"]
[EventDate "2017.04.05"]
[EventType "swiss"]
[EventRounds "11"]
[EventCountry "RSA"]
[SourceTitle "CBM 177 Extra"]
[Source "ChessBase"]
[SourceDate "2017.04.27"]
[SourceVersion "1"]
[SourceVersionDate "2017.04.27"]
[SourceQuality "1"]

1. e4 e5 2. Nf3 Nc6 3. Bb5 Nf6 4. Bxc6 bxc6 5. Nc3 Bc5 6. Nxe5 Qe7 7. Nd3 Bb6 8. Qe2 d6 9. e5 dxe5 10. Nxe5 Bd4 11. Nxc6 Qxe2+ 12. Kxe2 0-0 13. Nxd4 Re8+ 14. Kd1 Bb7 15. f3 Rad8 16. Nde2 Ba6 17. d3 c5 18. Bg5 Rd6 19. Bxf6 Rxf6 20. Kd2 Rfe6 21. Rhe1 Rb8 22. b3 Rd6 23. Nf4 g5 24. Nfd5 c4 25. bxc4 Kf8 26. c5 Rdd8 27. c6 Rd6 28. c7 Rb2 29. Rab1 Rxb1 30. Rxb1 Ke8 31. Re1+ Kd7 32. Re7+ Kc6 33. c8Q+ Bxc8 34. Rc7# 1-0

[Event "RSA-ch U10 Girls"]
[Site "Waterkloof"]
[Date "2015.04.07"]
[Round "6"]
[White "Van Huyssteen, Thaliya"]
[Black "Becker, Robyn"]
[Result "0-1"]
[WhiteElo "858"]
[BlackElo "1013"]
[PlyCount "102"]
[EventDate "2015.04.04"]
[EventType "swiss"]
[EventRounds "9"]
[EventCountry "RSA"]
[SourceTitle "CBM 166 Extra"]
[Source "ChessBase"]
[SourceDate "2015.06.18"]
[SourceVersion "1"]
[SourceVersionDate "2015.06.18"]
[SourceQuality "1"]

1. e4 e5 2. Nf3 Nc6 3. d4 exd4 4. Nxd4 Nxd4 5. Qxd4 Nf6 6. Bc4 d5 7. exd5 c6 8. Qe3+ Qe7 9. Qxe7+ Bxe7 10. 0-0 Nxd5 11. Re1 Be6 12. h3 0-0 13. Bxd5 cxd5 14. Nc3 Rfe8 15. Bf4 Bb4 16. Be5 Rac8 17. Re3 Bxc3 18. Bxc3 Bf5 19. Rxe8+ Rxe8 20. Rc1 Re2 21. Rd1 h6 22. Rxd5 Bxc2 23. Rd8+ Kh7 24. Rd7 Bb1 25. Rxf7 Kg6 26. Rxg7+ Kf5 27. Rf7+ Ke4 28. f3+ Kd3 29. Rd7+ Kc2 30. Kf1 Re6 31. Rd2+ Kc1 32. f4 Re7 33. g4 b5 34. Bb4 Bxa2 35. Rd3 Bc4 36. Bxe7 Bxd3+ 37. Ke1 a5 38. f5 a4 39. f6 Bc4 40. h4 Kxb2 41. f7 Bxf7 42. Bf6+ Kb3 43. g5 hxg5 44. hxg5 a3 45. Ke2 Kc2 46. Ke3 b4 47. Kd4 b3 48. Ke5 a2 49. Kd6 b2 50. Bxb2 Kxb2 51. Ke7 a1Q 0-1

[Event "RSA-ch U10 Girls"]
[Site "Waterkloof"]
[Date "2015.04.06"]
[Round "4"]
[White "Ismail, Imaan"]
[Black "Becker, Robyn"]
[Result "1-0"]
[WhiteElo "930"]
[BlackElo "1013"]
[PlyCount "88"]
[EventDate "2015.04.04"]
[EventType "swiss"]
[EventRounds "9"]
[EventCountry "RSA"]
[SourceTitle "CBM 166 Extra"]
[Source "ChessBase"]
[SourceDate "2015.06.18"]
[SourceVersion "1"]
[SourceVersionDate "2015.06.18"]
[SourceQuality "1"]

1. e4 e5 2. Nf3 Nc6 3. Bb5 Nd4 4. Nxd4 exd4 5. 0-0 Bc5 6. d3 h6 7. Nd2 c6 8. Ba4 b5 9. Bb3 d5 10. exd5 cxd5 11. Re1+ Kf8 12. Nf1 Bb4 13. Bd2 Bxd2 14. Qxd2 a5 15. a3 Qd6 16. Qe2 Qe7 17. Qxe7+ Nxe7 18. Re2 Ng6 19. Rae1 Bb7 20. Ng3 Nf4 21. Re7 Bc6 22. Rc7 Re8 23. Rxe8+ Bxe8 24. Rc8 Ke7 25. a4 Kd7 26. Ra8 Rf8 27. axb5 Kc7 28. b6+ Kxb6 29. Ba4 f5 30. Rxe8 Rf7 31. Rb8+ Ka7 32. Rd8 Rb7 33. Rd7 Rxd7 34. Bxd7 Kb6 35. Nxf5 Kc5 36. Nxg7 Kb4 37. Kf1 a4 38. g4 a3 39. bxa3+ Kxa3 40. Ke1 Kb2 41. Kd2 Kb1 42. h4 Kb2 43. g5 h5 44. g6 Nxg6 1-0

[Event "RSA-ch U10 Girls"]
[Site "Waterkloof"]
[Date "2015.04.04"]
[Round "1"]
[White "Becker, Robyn"]
[Black "Dheda, Bianca"]
[Result "1-0"]
[WhiteElo "1013"]
[BlackElo "837"]
[PlyCount "91"]
[EventDate "2015.04.04"]
[EventType "swiss"]
[EventRounds "9"]
[EventCountry "RSA"]
[SourceTitle "CBM 166 Extra"]
[Source "ChessBase"]
[SourceDate "2015.06.18"]
[SourceVersion "1"]
[SourceVersionDate "2015.06.18"]
[SourceQuality "1"]

1. e4 e5 2. Nf3 Nc6 3. Nc3 Nf6 4. Bc4 Bc5 5. d3 h6 6. 0-0 d6 7. a3 0-0 8. Qe2 Re8 9. Be3 Bb6 10. Bxb6 axb6 11. h3 Be6 12. Bxe6 Rxe6 13. Nd5 Re8 14. Nxf6+ Qxf6 15. Qd2 Nd4 16. Nxd4 exd4 17. g3 Qg5 18. Qxg5 hxg5 19. h4 gxh4 20. gxh4 Re5 21. Kh2 Raa5 22. Rh1 Rh5 23. Kg3 g5 24. hxg5 Raxg5+ 25. Kf3 Rxh1 26. Rxh1 f5 27. exf5 Rxf5+ 28. Ke2 c5 29. c3 dxc3 30. bxc3 d5 31. Ke3 d4+ 32. cxd4 cxd4+ 33. Kxd4 Rxf2 34. Rb1 Rf6 35. Ke5 Rc6 36. d4 Kf7 37. d5 Rc7 38. d6 Rd7 39. Rxb6 Ke8 40. a4 Kd8 41. a5 Kc8 42. Ke6 Kd8 43. a6 bxa6 44. Rxa6 Ke8 45. Rb6 Ra7 46. Rb8# 1-0